000 00736nas a2200253 4500
001 BR0807485
003 BR-BrBNA
005 20231205112242.0
007 ta
008 230509b bl.|||p| |||| 00| 00por d
040 _aBR-BrBNA
_bpor
_cBiblioteca Nacional de Agricultura
041 _a(Pt)
072 _aH20
100 1 _aTremacoldi, C.R.
100 1 _aPascholati, S.F.
245 1 _aInibidor de Tripsina em raízes de Eucalyptus urophylla
650 _aEUCALIPTO
650 _aTRIPSINA
650 _aDOENÇA DE PLANTA
650 _aRAIZ
773 0 _tFitopatologia Brasileira (Brazil)
_xISSN 0100-4158
_g((Mar-Apr 2004), v. 29(2) p. 135-140
_wBR0807485
909 _a202311
_bLúcia
_c55
_dLúcia Elande
942 _2AGRIS
_n0
_cANA
999 _c196991
_d196991